[Event "Titled Tuesday intern op 12th Mar Late"]
[Site "Chess.com INT"]
[Date "2024.03.12"]
[Round "10"]
[White "Anton Guijarro, David"]
[Black "Tarhan, Adar"]
[Result "0-1"]
[WhiteElo "2671"]
[BlackElo "2432"]
[PlyCount "104"]
[EventDate "2024.03.12"]
[EventType "swiss (blitz)"]
[EventRounds "11"]
[EventCountry "USA"]
[SourceTitle "CB12_2024"]
[SourceDate "2023.10.01"]
[SourceVersion "1"]
[SourceVersionDate "2023.10.01"]
[SourceQuality "1"]

1. Nf3 Nf6 2. d4 e6 3. Bg5 d5 4. Nbd2 c5 5. e4 Nc6 6. e5 h6 7. Bh4 g5 8. Nxg5 hxg5 9. Bxg5 Be7 10. exf6 Bxf6 11. Bxf6 Qxf6 12. dxc5 Qxb2 13. Rb1 Qxa2 14. Bb5 Qa3 15. 0-0 Qxc5 16. c4 Bd7 17. cxd5 Qxd5 18. Nc4 Qxd1 19. Rfxd1 Ke7 20. Nd6 Bc8 21. Ba4 Rd8 22. Nxc8+ Raxc8 23. Rxb7+ Kf6 24. Ra1 a5 25. g3 Rd2 26. Rc1 Ne7 27. Rxc8 Nxc8 28. Rb8 Nd6 29. Bc6 Rc2 30. Bf3 a4 31. Ra8 Rc3 32. Kg2 a3 33. h4 Nc4 34. Be4 Nd2 35. Bb7 Rb3 36. Bc6 Rc3 37. Be8 Ne4 38. Ra7 Nd6 39. Bd7 Ke7 40. h5 Kf6 41. g4 Kg5 42. f3 Nc4 43. Kg3 Ne5 44. Ra5 Rxf3+ 45. Kg2 Re3 46. Be8 f5 47. gxf5 exf5 48. Ra8 Ng4 49. Bg6 Re2+ 50. Kf3 Rf2+ 51. Kg3 f4+ 52. Kh3 Rh2# 0-1

[Event "Titled Tuesday intern op 13th Feb Early"]
[Site "Chess.com INT"]
[Date "2024.02.13"]
[Round "2"]
[White "Tarhan, Adar"]
[Black "Martinez Pla, Xavier"]
[Result "1-0"]
[WhiteElo "2415"]
[BlackElo "2247"]
[PlyCount "44"]
[EventDate "2024.02.13"]
[EventType "swiss (blitz)"]
[EventRounds "11"]
[EventCountry "USA"]
[SourceTitle "CB08_2024"]
[SourceDate "2024.02.21"]
[SourceVersion "1"]
[SourceVersionDate "2024.02.21"]
[SourceQuality "1"]

1. e4 c5 2. Nf3 e6 3. d4 cxd4 4. Nxd4 Nc6 5. Nc3 Qc7 6. Be3 a6 7. Qf3 Nf6 8. 0-0-0 d6 9. Nxc6 bxc6 10. g4 Be7 11. g5 Nd7 12. h4 Rb8 13. Bc4 d5 14. Bb3 Nc5 15. h5 Nxb3+ 16. axb3 Qa5 17. g6 f6 18. h6 hxg6 19. hxg7 Rg8 20. Rh8 Kf7 21. Rxg8 Kxg8 22. Qg3 Qd8 1-0

[Event "Sitges Sunway op 10th"]
[Site "Sitges"]
[Date "2023.12.16"]
[Round "5"]
[White "Tarhan, Adar"]
[Black "Alekseenko, Kirill"]
[Result "1-0"]
[WhiteElo "2405"]
[BlackElo "2670"]
[PlyCount "81"]
[EventDate "2023.12.12"]
[EventType "swiss"]
[EventRounds "10"]
[EventCountry "ESP"]
[SourceTitle "CB52_2023"]
[SourceDate "2023.12.27"]
[SourceVersion "1"]
[SourceVersionDate "2023.12.27"]
[SourceQuality "1"]

1. a3 Nf6 2. Nf3 d5 3. e3 Bg4 4. b4 e5 5. Bb2 Nbd7 6. c4 a5 7. cxd5 axb4 8. axb4 Bxb4 9. Be2 Rxa1 10. Bxa1 Qa8 11. Nc3 Bxc3 12. dxc3 Nxd5 13. 0-0 N5f6 14. c4 Bxf3 15. Bxf3 0-0 16. g4 h6 17. h4 Rd8 18. g5 hxg5 19. hxg5 Nc5 20. Qc2 Nfd7 21. g6 f6 22. Bd5+ Kf8 23. f4 c6 24. fxe5 cxd5 25. Qh2 Ke7 26. exf6+ gxf6 27. cxd5 Rf8 28. g7 Rg8 29. Bxf6+ Nxf6 30. Qe5+ Kd7 31. Rxf6 Rxg7+ 32. Kf1 Ne4 33. Qe6+ Kc7 34. d6+ Kb6 35. Qb3+ Kc6 36. Qc4+ Nc5 37. d7+ Kxd7 38. Qd5+ Ke8 39. Qe5+ Re7 40. Qh5+ Kd7 41. Qd5+ 1-0